000
00222nam a2200097Ia 4500
001
644911
005
20250826153613.0
008
250824s9999 xx 000 0 und d
245
0
_a
ORTAOKUL
_c
JAMES PATTERSON
260
_b
ALTIN
999
_c
644911
_d
644911